[Event "Sousse Sahel op"]
[White "Zaydia, Marwen"]
[Black "Ben Ammar, Mohamed"]
[Site "Sousse"]
[Round "3"]
[Result "1-0"]
[Date "2019.04.20"]
[WhiteElo "1863"]
[BlackElo "2077"]
[PlyCount "125"]
[EventDate "2019.04.19"]
[EventType "swiss"]
[EventRounds "9"]
[EventCountry "TUN"]
[SourceTitle "CBM 190 Extra"]
[Source "ChessBase"]
[SourceDate "2019.07.15"]
[SourceVersion "1"]
[SourceVersionDate "2019.07.15"]
[SourceQuality "1"]

1. Nf3 Nf6 2. g3 g6 3. Bg2 Bg7 4. 0-0 0-0 5. d4 d6 6. a4 Nc6 7. a5 a6 8. d5 Nb8 9. Re1 c5 10. e4 Bg4 11. h3 Bxf3 12. Qxf3 Nfd7 13. Nd2 b5 14. axb6 Nxb6 15. Bf1 a5 16. c3 N8d7 17. Nc4 Nxc4 18. Bxc4 Qb6 19. Qe2 Ne5 20. f4 Nxc4 21. Qxc4 Rfb8 22. Re2 Qb5 23. Qxb5 Rxb5 24. Ra4 Rab8 25. Kf2 Kf8 26. Ke3 e6 27. Kd3 Ke7 28. Kc4 Kd7 29. dxe6+ fxe6 30. g4 Kc6 31. f5 gxf5 32. gxf5 exf5 33. exf5 Be5 34. Kd3 Rf8 35. Rf2 d5 36. Rh4 Rb7 37. Rh6+ Kb5 38. Re6 Bb8 39. b3 c4+ 40. bxc4+ dxc4+ 41. Ke4 Rff7 42. f6 Ka4 43. Ra2+ Kb3 44. Rb2+ Kxc3 45. Rxb7 Rxb7 46. Re7 Rb6 47. f7 Rf6 48. Bh6 Rxh6 49. f8Q Rh4+ 50. Kd5 Rd4+ 51. Kc6 Bf4 52. Rxh7 Kd3 53. Qf5+ Kd2 54. Qxa5+ c3 55. Rd7 Rxd7 56. Kxd7 Be3 57. Ke6 Kd3 58. Qa3 Kd2 59. Kf5 c2 60. Ke4 Bg5 61. Qd3+ Kc1 62. Qf1+ Kb2 63. Qb5+ 1-0

[Event "TUN-chT"]
[White "Laouini, Sami"]
[Black "Zaydia, Marwen"]
[Site "Hammamet"]
[Round "4.4"]
[Result "1/2-1/2"]
[Date "2019.03.09"]
[WhiteElo "2175"]
[BlackElo "1857"]
[PlyCount "76"]
[EventDate "2019.02.09"]
[EventType "team-tourn"]
[EventRounds "11"]
[EventCountry "TUN"]
[SourceTitle "CBM 190 Extra"]
[Source "ChessBase"]
[SourceDate "2019.07.15"]
[SourceVersion "1"]
[SourceVersionDate "2019.07.15"]
[SourceQuality "1"]
[WhiteTeam "Omran"]
[BlackTeam "Ksour"]
[WhiteTeamCountry "TUN"]
[BlackTeamCountry "TUN"]

1. d4 Nf6 2. Nf3 e6 3. g3 b6 4. Bg2 Bb7 5. 0-0 Be7 6. c4 0-0 7. d5 exd5 8. Nh4 c6 9. cxd5 Nxd5 10. Nf5 Nc7 11. e4 d5 12. Qg4 Bf6 13. Nc3 d4 14. Rd1 Ne6 15. Ne2 d3 16. Nf4 Nxf4 17. Bxf4 g6 18. Nh6+ Kh8 19. e5 Bg7 20. h4 Na6 21. Qf3 Nc5 22. b4 Ne6 23. Rxd3 Qe7 24. b5 Nxf4 25. Qxf4 cxb5 26. Bxb7 Qxb7 27. Rad1 Qe7 28. Rd7 Bxh6 29. Rxe7 Bxf4 30. gxf4 Kg8 31. Rdd7 a5 32. Kg2 b4 33. Rb7 Rab8 34. Rxf7 Rxb7 35. Rxb7 Rxf4 36. Rxb6 Rxh4 37. Ra6 Kf7 38. Kf3 g5 1/2-1/2

[Event "TUN-chT"]
[White "Saadani, Tarak"]
[Black "Zaydia, Marwen"]
[Site "Hammamet"]
[Round "2.4"]
[Result "1/2-1/2"]
[Date "2019.02.10"]
[WhiteElo "2081"]
[BlackElo "1857"]
[PlyCount "106"]
[EventDate "2019.02.09"]
[EventType "team-tourn"]
[EventRounds "11"]
[EventCountry "TUN"]
[SourceTitle "CBM 190 Extra"]
[Source "ChessBase"]
[SourceDate "2019.07.15"]
[SourceVersion "1"]
[SourceVersionDate "2019.07.15"]
[SourceQuality "1"]
[WhiteTeam "Kef"]
[BlackTeam "Ksour"]
[WhiteTeamCountry "TUN"]
[BlackTeamCountry "TUN"]

1. e4 e5 2. Nf3 Nf6 3. Nc3 Bb4 4. Nxe5 0-0 5. Be2 d6 6. Nd3 Bxc3 7. dxc3 Nxe4 8. Nf4 Nc6 9. 0-0 Ne5 10. f3 Nf6 11. c4 Ng6 12. Nxg6 hxg6 13. Bg5 Qe8 14. Qd2 Qc6 15. b3 Bf5 16. g4 Be6 17. Qd4 Qb6 18. Rad1 Rfe8 19. Rf2 Qxd4 20. Rxd4 Nd7 21. Bc1 Ne5 22. h3 a5 23. a4 Nc6 24. Rd2 g5 25. Bd3 d5 26. cxd5 Bxd5 27. Bh7+ Kxh7 28. Rxd5 f6 29. f4 gxf4 30. Bxf4 Re7 31. Rc5 Rd8 32. Kg2 Rdd7 33. g5 fxg5 34. Bxg5 Re5 35. Rxe5 Nxe5 36. Rf5 Nf7 37. Bf4 b6 38. Be3 Kg6 39. Rb5 Kf6 40. h4 Nd6 41. Bd4+ Kf7 42. Rd5 Ke6 43. Re5+ Kf7 44. Bc3 g6 45. h5 gxh5 46. Rxh5 Kg6 47. Re5 Nf7 48. Re8 Nd6 49. Re3 Kf7 50. Kf1 Nf5 51. Re5 Nd4 52. Bxd4 Rxd4 53. Ke2 Kf6 1/2-1/2

[Event "Tunis Ramadan Cup"]
[White "Tamzali, Baccar"]
[Black "Zaydia, Marwen"]
[Site "Tunis"]
[Round "9"]
[Result "0-1"]
[Date "2018.06.11"]
[WhiteElo "1899"]
[BlackElo "2007"]
[PlyCount "60"]
[EventDate "2018.06.10"]
[EventType "swiss"]
[EventRounds "9"]
[EventCountry "TUN"]
[SourceTitle "CBM 185 Extra"]
[Source "ChessBase"]
[SourceDate "2018.07.29"]
[SourceVersion "1"]
[SourceVersionDate "2018.07.29"]
[SourceQuality "1"]

1. d4 Nf6 2. Bg5 e6 3. e3 h6 4. Bf4 d5 5. Nf3 Bd6 6. Bg3 0-0 7. Bd3 Ne4 8. Nbd2 f5 9. c4 c6 10. c5 Bc7 11. Bxc7 Qxc7 12. Ne5 Nd7 13. Nxd7 Bxd7 14. Nf3 Ng5 15. Ba6 bxa6 16. Ne5 Nf7 17. f4 Nxe5 18. fxe5 f4 19. 0-0 fxe3 20. Qd3 Rxf1+ 21. Rxf1 Rb8 22. Qxe3 Qd8 23. b3 Qg5 24. Qe2 Rf8 25. Qxa6 Rxf1+ 26. Qxf1 Qe3+ 27. Qf2 Qc1+ 28. Qf1 Qb2 29. Qf2 Qa1+ 30. Qf1 Qxa2 0-1

[Event "Tunis Ramadan Cup"]
[White "Zaydia, Marwen"]
[Black "Bouzidi, Ahmed"]
[Site "Tunis"]
[Round "8"]
[Result "0-1"]
[Date "2018.06.11"]
[WhiteElo "2007"]
[BlackElo "2158"]
[PlyCount "68"]
[EventDate "2018.06.10"]
[EventType "swiss"]
[EventRounds "9"]
[EventCountry "TUN"]
[SourceTitle "CBM 185 Extra"]
[Source "ChessBase"]
[SourceDate "2018.07.29"]
[SourceVersion "1"]
[SourceVersionDate "2018.07.29"]
[SourceQuality "1"]

1. d4 d5 2. Bf4 Nf6 3. e3 c5 4. c3 Nc6 5. Nd2 e6 6. Ngf3 Bd6 7. Bg3 0-0 8. Bd3 c4 9. Bc2 Qc7 10. 0-0 b5 11. e4 dxe4 12. Bxd6 Qxd6 13. Nxe4 Nxe4 14. Bxe4 Bb7 15. Re1 h6 16. Ne5 Nxe5 17. dxe5 Qb6 18. Bxb7 Qxb7 19. Qg4 Rad8 20. Rad1 Qc7 21. Qe4 Rxd1 22. Rxd1 Rd8 23. Rd4 Qb6 24. Kf1 Rxd4 25. cxd4 b4 26. Ke2 c3 27. bxc3 bxc3 28. Kd3 Qb1+ 29. Ke3 Qe1+ 30. Kd3 Qd2+ 31. Kc4 c2 32. Qa8+ Kh7 33. Qe4+ g6 34. Qf3 c1R+ 0-1

[Event "Ariana Ramadan op U2200"]
[White "Mejri, Moncef"]
[Black "Zaydia, Marwen"]
[Site "Ariana"]
[Round "8"]
[Result "0-1"]
[Date "2018.06.03"]
[WhiteElo "1393"]
[BlackElo "1870"]
[PlyCount "86"]
[EventDate "2018.05.27"]
[EventType "swiss"]
[EventRounds "9"]
[EventCountry "TUN"]
[SourceTitle "EXT 2019"]
[Source "ChessBase"]
[SourceDate "2018.10.10"]
[SourceVersion "1"]
[SourceVersionDate "2018.10.10"]
[SourceQuality "1"]

1. d4 Nf6 2. Nf3 g6 3. h3 Bg7 4. Nc3 d5 5. Bf4 0-0 6. e3 c5 7. Be2 Ne4 8. 0-0 Nc6 9. Ne5 Nxe5 10. dxe5 Nxc3 11. bxc3 e6 12. c4 dxc4 13. Bxc4 Qc7 14. Qd6 Qxd6 15. exd6 Bxa1 16. Rxa1 Rd8 17. Rd1 f6 18. e4 Bd7 19. e5 b5 20. Be2 Kf7 21. exf6 Kxf6 22. h4 Kg7 23. h5 Bc6 24. Be5+ Kf7 25. hxg6+ hxg6 26. Rd3 Be4 27. Rh3 g5 28. Bd3 Bxd3 29. Rxd3 Kg6 30. d7 Kf7 31. Rf3+ Ke7 32. Bf6+ Kxd7 33. Bxd8 Rxd8 34. Rf7+ Kc6 35. Rxa7 Rd1+ 36. Kh2 Rd2 37. Rg7 Rxc2 38. Rxg5 Rxa2 39. Re5 Kd6 40. f4 b4 41. Kg1 b3 42. Re1 b2 43. Rb1 Ra1 0-1

[Event "Monastir Moknine op-B"]
[White "Atia, Mohamed"]
[Black "Zaydia, Marwen"]
[Site "Monastir"]
[Round "7"]
[Result "1-0"]
[Date "2017.09.10"]
[WhiteElo "1854"]
[BlackElo "1849"]
[PlyCount "120"]
[EventDate "2017.09.05"]
[EventType "swiss"]
[EventRounds "9"]
[EventCountry "TUN"]
[SourceTitle "EXT 2019"]
[Source "ChessBase"]
[SourceDate "2018.10.10"]
[SourceVersion "1"]
[SourceVersionDate "2018.10.10"]
[SourceQuality "1"]

1. e4 d6 2. d4 Nf6 3. Nc3 c6 4. f3 b5 5. a3 a6 6. Be3 Nbd7 7. Nge2 e5 8. Na2 Be7 9. Ng3 exd4 10. Qxd4 c5 11. Qd2 Ne5 12. Rd1 0-0 13. Be2 Nc4 14. Bxc4 bxc4 15. 0-0 Rb8 16. Rb1 d5 17. exd5 Nxd5 18. Bf2 Bg5 19. Qe2 Nf4 20. Qd1 Qb6 21. Ne4 Be7 22. Qd2 Ne6 23. Nac3 Bb7 24. Nd5 Bxd5 25. Qxd5 Nf4 26. Qxc4 Qg6 27. Bg3 Qe6 28. Qxe6 fxe6 29. Rfe1 Rbd8 30. Bxf4 Rxf4 31. Rbd1 Rff8 32. Rxd8 Rxd8 33. b3 Kf7 34. Kf2 a5 35. Ke2 a4 36. Rd1 Ra8 37. bxa4 Rxa4 38. Rd3 c4 39. Rc3 Bxa3 40. Nd2 Bd6 41. g3 Ra1 42. Rxc4 h5 43. Rc6 Bb8 44. f4 h4 45. Nf3 hxg3 46. hxg3 Kf6 47. Ng5 Ra4 48. Rxe6+ Kf5 49. Re7 g6 50. Rb7 Ba7 51. Rb3 Kg4 52. Nf7 Re4+ 53. Kd2 Bf2 54. Ne5+ Kh3 55. Nxg6 Bxg3 56. f5 Kg4 57. f6 Kg5 58. f7 Bd6 59. f8Q Bxf8 60. Nxf8 Kf6 1-0

[Event "TUN-chB"]
[White "Zaydia, Marwen"]
[Black "Douissa, Oussama"]
[Site "Hammamet "]
[Round "2"]
[Result "0-1"]
[Date "2015.06.14"]
[WhiteElo "1825"]
[BlackElo "2220"]
[PlyCount "64"]
[EventDate "2015.06.13"]
[EventType "swiss"]
[EventRounds "9"]
[EventCountry "TUN"]
[SourceTitle "EXT 2018"]
[Source "ChessBase"]
[SourceDate "2017.10.13"]
[SourceVersion "1"]
[SourceVersionDate "2017.10.13"]
[SourceQuality "1"]

1. Nf3 Nf6 2. g3 g6 3. Bg2 Bg7 4. 0-0 0-0 5. d4 d6 6. a4 a5 7. Re1 Nc6 8. e4 e5 9. Nc3 Bg4 10. d5 Nd4 11. Be3 Re8 12. Bxd4 exd4 13. Qxd4 Nxe4 14. Qd3 Bxc3 15. Rxe4 Rxe4 16. Qxe4 Bf5 17. Qc4 Bxb2 18. Rb1 Ba3 19. Rxb7 Bc5 20. Nd4 Bc8 21. Rb3 Qf6 22. Nf3 Qa1+ 23. Qf1 Qxa4 24. Ng5 Ba6 25. Qe1 Re8 26. Ne4 Kf8 27. Qc3 Bd4 28. Ra3 Qb5 29. Qb3 Qe2 30. h4 Rxe4 31. Qf3 Qxf3 32. Bxf3 Re1+ 0-1